The case of Hermie the missing hamster / (Record no. 3157)
[ view plain ]
| 000 -LEADER | |
|---|---|
| fixed length control field | 01141cam a22003373a 4500 |
| 001 - CONTROL NUMBER | |
| control field | 3157 |
| 003 - CONTROL NUMBER IDENTIFIER | |
| control field | FISKH |
| 005 - DATE AND TIME OF LATEST TRANSACTION | |
| control field | 20240214161125.0 |
| 008 - FIXED-LENGTH DATA ELEMENTS--GENERAL INFORMATION | |
| fixed length control field | 981102s1998 nyua j 000 1 eng d |
| 010 ## - LIBRARY OF CONGRESS CONTROL NUMBER | |
| LC control number | 99603966 |
| 020 ## - INTERNATIONAL STANDARD BOOK NUMBER | |
| International Standard Book Number | 0590691252 (pbk.) : |
| 020 ## - INTERNATIONAL STANDARD BOOK NUMBER | |
| International Standard Book Number | 9780439040983 |
| 035 ## - SYSTEM CONTROL NUMBER | |
| System control number | (OCoLC)ocm40214408 |
| 040 ## - CATALOGING SOURCE | |
| Original cataloging agency | EOW |
| Transcribing agency | EOW |
| Modifying agency | SLC |
| -- | DLC |
| Language of cataloging | eng |
| 050 ## - LIBRARY OF CONGRESS CALL NUMBER | |
| Classification number | PZ7.P915 |
| 082 ## - DEWEY DECIMAL CLASSIFICATION NUMBER | |
| Classification number | 413 |
| 100 1# - MAIN ENTRY--PERSONAL NAME | |
| Personal name | Preller, James. |
| 245 14 - TITLE STATEMENT | |
| Title | The case of Hermie the missing hamster / |
| Statement of responsibility, etc. | by James Preller ; illustrated by R.W. Alley. |
| 260 ## - PUBLICATION, DISTRIBUTION, ETC. | |
| Place of publication, distribution, etc. | New York : |
| Name of publisher, distributor, etc. | Scholastic, |
| Date of publication, distribution, etc. | 1998. |
| 300 ## - PHYSICAL DESCRIPTION | |
| Extent | 76 pages : |
| Other physical details | illustrations ; |
| Dimensions | 20 cm. |
| 490 1# - SERIES STATEMENT | |
| Series statement | Jigsaw Jones mystery ; |
| Volume/sequential designation | Book 1 |
| 505 ## - FORMATTED CONTENTS NOTE | |
| Formatted contents note | N<br/> |
| 520 ## - SUMMARY, ETC. | |
| Summary, etc. | The clever, puzzle-crazy Jigsaw Jones utilizes his top-secret detective journal and enlists the help of his ace partner, Mila, to track down a missing hamster. |
| 521 8# - TARGET AUDIENCE NOTE | |
| Target audience note | 560<br/> |
| Source | Lexile<br/> |
| 521 8# - TARGET AUDIENCE NOTE | |
| Target audience note | N<br/> |
| Source | Raz-Plus <br/> |
| 650 ## - SUBJECT ADDED ENTRY--TOPICAL TERM | |
| Topical term or geographic name entry element | Hamsters |
| Form subdivision | Fiction |
| General subdivision | Mystery |
| 655 #7 - INDEX TERM--GENRE/FORM | |
| Genre/form data or focus term | Mystery fiction. |
| Source of term | gsafd |
| 700 ## - ADDED ENTRY--PERSONAL NAME | |
| Personal name | Alley, R.W. |
| Relator term | illustrator |
| 906 ## - LOCAL DATA ELEMENT F, LDF (RLIN) | |
| a | 7 |
| b | cbc |
| c | copycat |
| d | 2 |
| e | ncip |
| f | 19 |
| g | y-genrareb |
| 942 ## - ADDED ENTRY ELEMENTS (KOHA) | |
| Source of classification or shelving scheme | Dewey Decimal Classification |
| Koha item type | Books |
| Suppress in OPAC | No |
| Withdrawn status | Lost status | Source of classification or shelving scheme | Damaged status | Not for loan | Collection | Home library | Current library | Shelving location | Date acquired | Total Checkouts | Full call number | Barcode | Date last seen | Copy number | Price effective from | Koha item type | Date last checked out |
|---|---|---|---|---|---|---|---|---|---|---|---|---|---|---|---|---|---|
| Dewey Decimal Classification | Juvenile Fiction | Footprints International School Library Network Toul Kork Campus | Footprints International School Library Network Toul Kork Campus | TK Primary Library Room(4th Floor), Bookcase 3&4, Shelves 17-32, Yellow Books | 02/14/2024 | ALL Fic PZ7.P915 | FISTKG4B071 | 02/14/2024 | 1 | 02/14/2024 | Books | ||||||
| Dewey Decimal Classification | Fiction | Footprints International School Library Network Toul Kork Campus | Footprints International School Library Network Toul Kork Campus | 05/29/2024 | 1 | ALL Fic PZ7.P915 | 2024-0745 | 09/03/2024 | 2 | 05/29/2024 | Books | 09/03/2024 |
